ბათუმის შოთა რუსთაველის სახელმწიფო უნივერსიტეტის ბიბლიოთეკა

Неорганическая химия .Биогенные и Абиогенные Элементы. (ბიბ.ჩანაწერი № 35151)

000 -LEADER
fixed length control field 00802nam a2200241Ia 4500
001 - CONTROL NUMBER
control field 993
003 - CONTROL NUMBER IDENTIFIER
control field GE_BSU
008 - FIXED-LENGTH DATA ELEMENTS--GENERAL INFORMATION
fixed length control field 181216s||||||||xx |||||||||||||| ||und||
020 ## - INTERNATIONAL STANDARD BOOK NUMBER
International Standard Book Number 9785811408283
040 ## - CATALOGING SOURCE
Transcribing agency GE_BSU
080 ## - UNIVERSAL DECIMAL CLASSIFICATION NUMBER
Universal Decimal Classification number 546(075.8)
245 ## - TITLE STATEMENT
Title Неорганическая химия .Биогенные и Абиогенные Элементы.
245 ## - TITLE STATEMENT
Remainder of title Учебное пособие для студентов по спец.Зоотехия и Ветеринария.
245 ## - TITLE STATEMENT
Statement of responsibility, etc. Под. ред.В.В.Егорова
260 ## - PUBLICATION, DISTRIBUTION, ETC.
Place of publication, distribution, etc. СПБ:
260 ## - PUBLICATION, DISTRIBUTION, ETC.
Name of publisher, distributor, etc. ,,Лань
260 ## - PUBLICATION, DISTRIBUTION, ETC.
Date of publication, distribution, etc. 2009
300 ## - PHYSICAL DESCRIPTION
Extent 320 с. 90 л.
653 ## - INDEX TERM--UNCONTROLLED
Uncontrolled term Биогенные и Абиогенные Элементы
653 ## - INDEX TERM--UNCONTROLLED
Uncontrolled term Неорганическая Химия;
942 ## - ADDED ENTRY ELEMENTS (KOHA)
Koha item type წიგნი
ეგზემპლარები
Withdrawn status Lost status Damaged status Not for loan Date acquired Barcode Date last seen Price effective from Koha item type Public note
        2018-12-17 2466 2018-12-17 2018-12-17 წიგნი დარბაზი